000 00689nam a2200205Ia 4500
003 GCL
008 140319s9999 xx 000 0 ara d
040 _aGCL /
_cGCL
082 0 4 _a953.04
_bع د
100 1 _aعصام الدين عبدالرؤوف الفقى
245 1 0 _aالدولة العباسية /
_cعصام الدين عبدالرؤوف الفقى
260 _aالقاهرة :
_bمكتبة نهضة الشرق ،
_c1987
300 _a310 ص ؛
_c23 سم
490 _a
650 0 4 _aالدولة العباسية
650 0 4 _aالسلاجقة
650 0 4 _aالدولة الاسلامية - تاريخ
650 0 4 _aالدولة الاسلامية
942 _2ddc
_cBK
999 _c39545
_d39545